Search the Library Catalogue
| 000 -LEADER | |
|---|---|
| fixed length control field | 00431nam a22001457a 4500 |
| 008 - FIXED-LENGTH DATA ELEMENTS--GENERAL INFORMATION | |
| fixed length control field | 260424b |||||||| |||| 00| 0 eng d |
| 082 ## - DEWEY DECIMAL CLASSIFICATION NUMBER | |
| Classification number | 348.42 ALL(R) |
| 100 ## - MAIN ENTRY--AUTHOR NAME | |
| Personal name | Bridgman G.F.L |
| 245 ## - TITLE STATEMENT | |
| Title | The England Law Reports Reprint: Revised and Annotated 1908-1910 |
| Statement of responsibility, etc | /edited by G.F.L.Bridgman,Esq |
| 260 ## - PUBLICATION, DISTRIBUTION, ETC. (IMPRINT) | |
| Place of publication | London: |
| Name of publisher | Butterworth, |
| Year of publication | 1962. |
| 300 ## - PHYSICAL DESCRIPTION | |
| Number of Pages | 976p. |
| Dimensions | ;23cm. |
| 650 ## - SUBJECT ADDED ENTRY--TOPICAL TERM | |
| Topical Term | Law |
| 942 ## - ADDED ENTRY ELEMENTS (KOHA) | |
| Koha item type | English Books |
No items available.